Circular - Wyoming Agricultural Experiment Station.

Bibliographic Details
Previous Title:Wyoming. Agricultural Experiment Station, Laramie. Press bulletins
Corporate Author: Wyoming Agricultural Experiment Station
Format: Serial
Language:English
Published: Laramie. [publisher not identified] ;
Subjects:

MARC

Tag First Indicator Second Indicator Subfields
LEADER 00000cas a2200000 4500
001 in00000264708
005 20151010054243.0
008 790801u19189999wyuuu s0uuua1eng d
035 |a (OCoLC)05228386 
035 |9 ABC7255AM 
040 |a TXA  |c TXA  |d UtOrBLW 
049 |a TXAE 
090 |a S131  |b .E25 
110 2 |a Wyoming Agricultural Experiment Station. 
245 1 0 |a Circular - Wyoming Agricultural Experiment Station. 
247 0 0 |a Circular - University of Wyoming, Agricultural Experiment Station 
264 1 |a Laramie.  |b [publisher not identified] ; 
300 |a  numbers :  |b illustrations 
336 |a text  |b txt  |2 rdacontent 
337 |a unmediated  |b n  |2 rdamedia 
338 |a volume  |b nc  |2 rdacarrier 
362 0 |a no. 13- June 1918- 
500 |a Other slight variations in title. 
515 |a No. 13 was repeated. 
515 |a No more published? 
580 |a Continues its Press bulletins. 
650 0 |a Agriculture  |z Wyoming. 
780 1 0 |a Wyoming. Agricultural Experiment Station, Laramie.  |t Press bulletins 
999 |a MARS 
999 f f |s 8279c4f6-e259-34b9-b43e-39cdbcca3470  |i ae33e7fe-9471-35a8-8ed1-822c11661eb6  |t 0 
952 f f |p ric  |a Texas A&M University  |b Rellis Campus  |c Joint Library Facility  |d Remote Storage  |t 0  |e S131 .E25  |h Library of Congress classification  |i unmediated -- volume  |k no.13-26  |m A14842594658 
952 f f |p ric  |a Texas A&M University  |b Rellis Campus  |c Joint Library Facility  |d Remote Storage  |t 0  |e S131 .E25  |h Library of Congress classification  |i unmediated -- volume  |k no.34-72  |m A14842594534 
998 f f |a S131 .E25  |s no.41-42,44-61,69-70,72  |t 0  |l Remote Storage